Spell the Marvel Hero #30 - Statistics

General Stats
  • This quiz has been taken 17 times
  • The average score is 6 of 10
Answer Stats
Picture Answer % Correct
Scarlet Witch
100%
Agent Venom
87%
Domino
80%
Abigail Brand
67%
Blink
53%
Nightmask
53%
Red Wolf
47%
Triathlon
47%
Red Widow
40%
Starbrand
40%
No matching quizzes found
Score Distribution
Percent of People with Each Score
Percentile by Number Answered
Your Score History
You have not taken this quiz